The adventures of feluda : (Record no. 63324)

MARC details
000 -LEADER
fixed length control field 00857nam a22002177a 4500
005 - DATE AND TIME OF LATEST TRANSACTION
control field 20100811102945.0
010 ## - LCCN (DPL NO)
LC control number B-453965
020 ## - INTERNATIONAL STANDARD BOOK NUMBER
International Standard Book Number 9780143335641
Terms of availability 125.00
035 ## - SYSTEM CONTROL NUMBER
System control number B-453965
037 ## - SOURCE OF ACQUISITION
Source of stock number/acquisition R.B.C/Ven
082 ## - DEWEY DECIMAL CLASSIFICATION NUMBER
Classification number S
100 ## - MAIN ENTRY--PERSONAL NAME
Personal name Ray,Satyajit
245 ## - TITLE STATEMENT
Title The adventures of feluda :
Statement of responsibility, etc by Satyajit Ray ; translated from Bengali by Gopa Majumdar
Remainder of title trouble in Gangtok /
260 ## - PUBLICATION, DISTRIBUTION, ETC. (IMPRINT)
Place of publication, distribution, etc New Delhi
Name of publisher, distributor, etc Penguin Books
Date of publication, distribution, etc 2003
270 ## - ADDRESS
Address 11 Community Centre,Panchsheel Park,
City New Delhi
Postal code 110017
300 ## - PHYSICAL DESCRIPTION
Extent 92p.
Dimensions 18cm (pbk)
700 ## - ADDED ENTRY--PERSONAL NAME
Personal name Majumdar,Gopa
9 (RLIN) 42815
942 ## - ADDED ENTRY ELEMENTS (KOHA)
Source of classification or shelving scheme Dewey Decimal Classification
Item type English Books
Call number suffix RAY
Classification part S
Holdings
Withdrawn status Lost status Not for loan Collection code Home library Current library Date acquired Source of acquisition Cost, normal purchase price Full call number Barcode Copy number Cost, replacement price Koha item type Public note
      Fiction Central Library Central Library 24/02/2012 RBC Pub/26777/20.10.2011/07/15.09.11/30.11.11 125.00 S RAY B-453965 1 125.00 English Books Legal Case (Register No. 29)

© Delhi Public Library
Hit Counter
free hit counter